000 00288nam a2200145Ia 4500
100 _aRao/Ketha A
650 _aCoding
942 _cBK
245 _aInformation theory and coding
260 _bNandu
_c2014
082 _a5.82
_bRAO
300 _a184
546 _aENGLISH
999 _c22794
_d22794